Harry Potter commençant par F par images - Statistiques

Statistiques générales
  • Ce quiz a été pris 371 fois
  • Le résultat moyen est 14 sur 20
Statistiques - réponses
Par images Hint Réponse % Correct
Personnage {Fleur} Delacour
99%
Lieu {Forêt} {interdite}
97%
Personnage {Fred} Weasley
97%
Créature {Fantôme}
96%
Langue des serpents {Fourchelang}
96%
Inventeur de la pierre philosophale Nicolas {Flamel}
92%
Surnom {Fol}'{oeil}
87%
Personnage Cornelius {Fudge}
85%
Potion surnommée "Chance liquide" {Felix} {Felicis}
78%
Personnage {Filius} {Flitwick}
78%
Personnage Mondingus {Fletcher}
76%
Phénix {Fumseck}
73%
Personnage Seamus {Finnigan}
68%
Personnage {Fenrir} Greyback
61%
Centaure {Firenze}
57%
Boutique {Fleury} et Botts
55%
Plante {Filet} {du} {diable}
53%
Personnage Arabella {Figg}
45%
Boutique {Farces} {pour} {sorciers} {facétieux}
32%
Maléfice {Feudeymon}
21%
Aucun quiz correspondant
Distribution des résultats
% des personnes avec chaque résultat
Percentile par nombre de réponses
Votre historique - résultats
Vous n’avez pas pris ce quiz